[Event "FIDE World Bl Team Pool D"]
[Site "Almaty"]
[Date "2024.08.05"]
[Round "3.21"]
[White "Borumbayev, Adil"]
[Black "Faizrakhmanov, Ramil"]
[Result "0-1"]
[WhiteElo "1848"]
[BlackElo "2424"]
[PlyCount "72"]
[EventDate "2024.08.05"]
[EventType "team (blitz)"]
[EventRounds "7"]
[EventCountry "KAZ"]
[SourceTitle "CBM 221 Extra"]
[Source "ChessBase"]
[SourceDate "2024.09.30"]
[SourceVersion "1"]
[SourceVersionDate "2024.09.30"]
[SourceQuality "1"]
[WhiteTeam "Future GM"]
[BlackTeam "World Champ Higher School"]
[WhiteTeamCountry "KAZ"]

1. d4 Nf6 2. c4 e6 3. Nc3 Bb4 4. a3 Bxc3+ 5. bxc3 c5 6. f3 d5 7. e3 0-0 8. cxd5 Nxd5 9. Bd2 Nc6 10. f4 b6 11. Nf3 Bb7 12. Bd3 cxd4 13. exd4 Rc8 14. c4 Nf6 15. Bc3 Na5 16. Bxa5 bxa5 17. Be2 Bxf3 18. gxf3 Qd6 19. Kf2 Qxf4 20. Qd3 Rfd8 21. Rad1 Ng4+ 22. Ke1 Ne3 23. Rd2 Rxc4 24. Kf2 Rcxd4 25. Qxe3 Qxe3+ 26. Kxe3 Rxd2 27. Rb1 Ra2 28. Rb3 g6 29. h4 h5 30. Bd3 Rd5 31. Be4 Rc5 32. Kf4 Kg7 33. Ke3 Kf6 34. Kf4 a4 35. Rd3 Rb2 36. Rd4 Kg7 0-1

[Event "FIDE World Bl Team Pool D"]
[Site "Almaty"]
[Date "2024.08.05"]
[Round "1.21"]
[White "Borumbayev, Adil"]
[Black "Sharshenbekov, Emir"]
[Result "0-1"]
[WhiteElo "1848"]
[BlackElo "2078"]
[PlyCount "76"]
[EventDate "2024.08.05"]
[EventType "team (blitz)"]
[EventRounds "7"]
[EventCountry "KAZ"]
[SourceTitle "CBM 221 Extra"]
[Source "ChessBase"]
[SourceDate "2024.09.30"]
[SourceVersion "1"]
[SourceVersionDate "2024.09.30"]
[SourceQuality "1"]
[WhiteTeam "Future GM"]
[BlackTeam "Noval Group Kyrgyzstan"]
[WhiteTeamCountry "KAZ"]
[BlackTeamCountry "KGZ"]

1. d4 f5 2. c4 Nf6 3. Nc3 g6 4. g3 Bg7 5. Bg2 0-0 6. Nf3 d6 7. 0-0 Qe8 8. d5 Na6 9. Nd4 Bd7 10. Re1 c6 11. a3 Nc7 12. e4 fxe4 13. Nxe4 Nxe4 14. Rxe4 c5 15. Ne2 Bf5 16. Re3 b5 17. Nf4 Bd4 18. Ne2 Bf6 19. Nc3 Rb8 20. cxb5 Nxb5 21. Nxb5 Qxb5 22. Ra2 Qc4 23. Ra1 Bd4 24. b3 Qa6 25. Ra2 Bxe3 26. Bxe3 Qd3 27. Rd2 Qxb3 28. Qe2 Qb5 29. Qe1 Qb1 30. Rd1 Qa2 31. Bg5 Rb1 32. Bxe7 Re8 33. Rxb1 Qxb1 34. Qxb1 Bxb1 35. Bxd6 Re1+ 36. Bf1 Bd3 37. Bxc5 Bxf1 38. d6 Bh3# 0-1

[Event "FIDE World Bl Team Pool D"]
[Site "Almaty"]
[Date "2024.08.05"]
[Round "6.3"]
[White "Borumbayev, Adil"]
[Black "Van Foreest, Jorden"]
[Result "1-0"]
[WhiteElo "1848"]
[BlackElo "2696"]
[PlyCount "43"]
[EventDate "2024.08.05"]
[EventType "team (blitz)"]
[EventRounds "7"]
[EventCountry "KAZ"]
[SourceTitle "CBM 221 Extra"]
[Source "ChessBase"]
[SourceDate "2024.09.30"]
[SourceVersion "1"]
[SourceVersionDate "2024.09.30"]
[SourceQuality "1"]
[WhiteTeam "Future GM"]
[BlackTeam "Chessy"]
[WhiteTeamCountry "KAZ"]
[BlackTeamCountry "FRA"]

1. e4 c5 2. Nf3 e6 3. Nc3 Nc6 4. d4 cxd4 5. Nxd4 Nf6 6. Qd3 Bb4 7. Nxc6 bxc6 8. e5 Nd5 9. Qg3 Kf8 10. Bd2 Qa5 11. Rd1 h5 12. h4 Bxc3 13. bxc3 Qxa2 14. c4 Nb6 15. Bd3 Nxc4 16. Bb4+ Kg8 17. 0-0 a5 18. Be7 Rh6 19. Ra1 Qb2 20. Bxc4 Rg6 21. Qe3 Qxc2 22. Bd3 1-0

[Event "FIDE World Bl Team Pool D"]
[Site "Almaty"]
[Date "2024.08.05"]
[Round "4.21"]
[White "Kalikhan, Abilmansur"]
[Black "Borumbayev, Adil"]
[Result "0-1"]
[WhiteElo "1670"]
[BlackElo "1848"]
[PlyCount "154"]
[EventDate "2024.08.05"]
[EventType "team (blitz)"]
[EventRounds "7"]
[EventCountry "KAZ"]
[SourceTitle "CBM 221 Extra"]
[Source "ChessBase"]
[SourceDate "2024.09.30"]
[SourceVersion "1"]
[SourceVersionDate "2024.09.30"]
[SourceQuality "1"]
[WhiteTeam "Abai Gambit Pioneers"]
[BlackTeam "Future GM"]
[WhiteTeamCountry "KAZ"]
[BlackTeamCountry "KAZ"]

1. f4 Nf6 2. Nf3 g6 3. e3 Bg7 4. Nc3 d5 5. b3 Ne4 6. Bb2 Nxc3 7. Bxc3 Bxc3 8. dxc3 0-0 9. Be2 Nc6 10. Nd4 Qd6 11. 0-0 Nxd4 12. cxd4 Bf5 13. Bd3 Bxd3 14. Qxd3 e6 15. Rac1 c5 16. c4 dxc4 17. Rxc4 b6 18. Rd1 Rfd8 19. g3 Rac8 20. Rdc1 Rb8 21. Qe4 cxd4 22. Rxd4 Qa3 23. Rc7 Qxa2 24. Qd3 Qa1+ 25. Kg2 Rxd4 26. exd4 Rd8 27. Qe3 Qxd4 28. Qxd4 Rxd4 29. Rxa7 Rd2+ 30. Kh3 Rd3 31. Ra8+ Kg7 32. Ra3 b5 33. Kg4 b4 34. Ra7 Rxb3 35. Rb7 Rb1 36. h4 h5+ 37. Kf3 b3 38. Ke3 b2 39. Kd2 Rg1 40. Rxb2 Rxg3 41. Rb4 Rg4 42. Ke3 Rxh4 43. Rb7 Rh3+ 44. Kf2 Rc3 45. Kg2 Kf6 46. Rb5 Rc4 47. Kg3 h4+ 48. Kg4 h3 49. Rb3 g5 50. Kxh3 Rxf4 51. Kg3 Kg6 52. Rb7 f6 53. Rb6 Kf5 54. Rb5+ e5 55. Rb6 Rc4 56. Rb8 Rc3+ 57. Kf2 Kf4 58. Rf8 f5 59. Rg8 g4 60. Rh8 Rc2+ 61. Ke1 g3 62. Rg8 g2 63. Kd1 Ra2 64. Ke1 g1Q+ 65. Rxg1 Ra1+ 66. Kf2 Rxg1 67. Kxg1 Ke3 68. Kf1 f4 69. Ke1 e4 70. Kf1 Kd2 71. Kg2 e3 72. Kh2 e2 73. Kg2 e1Q 74. Kh2 Qg3+ 75. Kh1 Qg8 76. Kh2 Ke2 77. Kh1 Kf2 0-1

[Event "FIDE World Rapid Team"]
[Site "Almaty"]
[Date "2024.08.04"]
[Round "9.20"]
[White "Borumbayev, Adil"]
[Black "Turayev, Shahruh"]
[Result "0-1"]
[WhiteElo "1848"]
[BlackElo "2097"]
[PlyCount "71"]
[EventDate "2024.08.02"]
[EventType "team (rapid)"]
[EventRounds "12"]
[EventCountry "KAZ"]
[SourceTitle "CBM 221 Extra"]
[Source "ChessBase"]
[SourceDate "2024.09.30"]
[SourceVersion "1"]
[SourceVersionDate "2024.09.30"]
[SourceQuality "1"]
[WhiteTeam "Future GM"]
[BlackTeam "TKM Chess"]
[WhiteTeamCountry "KAZ"]
[BlackTeamCountry "TKM"]

1. d4 d5 2. c4 e6 3. Nc3 Nf6 4. Bg5 Bb4 5. e3 h6 6. Bh4 g5 7. Bg3 Ne4 8. Qc2 h5 9. Be5 f6 10. f3 Nxc3 11. bxc3 Be7 12. Bg3 h4 13. Bf2 c6 14. Bd3 Kf7 15. Ne2 Nd7 16. Rb1 Kg7 17. g3 hxg3 18. Bxg3 Nf8 19. h4 f5 20. Kd2 gxh4 21. Rbg1 Kf7 22. cxd5 cxd5 23. e4 Bg5+ 24. Kd1 Be3 25. Be5 Bxg1 26. Bxh8 Ng6 27. exf5 Nxh8 28. Rxg1 exf5 29. Bxf5 Qf6 30. Bxc8 Rxc8 31. Qh7+ Ke6 32. Qxb7 Qf8 33. Rg7 Rd8 34. f4 Nf7 35. f5+ Kf6 36. Rg4 0-1

[Event "FIDE World Rapid Team"]
[Site "Almaty"]
[Date "2024.08.02"]
[Round "3.14"]
[White "Borumbayev, Adil"]
[Black "Aligozhin, Zhaslan"]
[Result "0-1"]
[WhiteElo "1848"]
[BlackElo "2333"]
[PlyCount "103"]
[EventDate "2024.08.02"]
[EventType "team (rapid)"]
[EventRounds "12"]
[EventCountry "KAZ"]
[SourceTitle "CBM 221 Extra"]
[Source "ChessBase"]
[SourceDate "2024.09.30"]
[SourceVersion "1"]
[SourceVersionDate "2024.09.30"]
[SourceQuality "1"]
[WhiteTeam "Future GM"]
[BlackTeam "Greco"]
[WhiteTeamCountry "KAZ"]
[BlackTeamCountry "KAZ"]

1. d4 Nf6 2. c4 g6 3. Nc3 d5 4. Bg5 Ne4 5. Bh4 Nxc3 6. bxc3 Bg7 7. e3 c5 8. Nf3 0-0 9. cxd5 cxd4 10. cxd4 Qxd5 11. Bxe7 Re8 12. Bh4 Nc6 13. Be2 Qa5+ 14. Qd2 Qxd2+ 15. Kxd2 Bf5 16. Bd3 Bd7 17. Rab1 Na5 18. Rhc1 Rac8 19. Bg3 Be6 20. Rxc8 Rxc8 21. Rb5 b6 22. d5 Bd7 23. Rb1 Nc4+ 24. Ke2 Nb2 25. Be5 Nxd3 26. Kxd3 f6 27. Bb2 Rc5 28. e4 f5 29. Bxg7 fxe4+ 30. Kd4 exf3 31. Bh6 fxg2 32. Rg1 Bh3 33. Ke5 Kf7 34. Kd6 Kf6 35. Be3 Rc2 36. a3 g5 37. Re1 h6 38. a4 Kf5 39. Ke7 Kg6 40. d6 Rc4 41. f3 Rxa4 42. Rg1 Ra3 43. Bd4 Rd3 44. Be5 a5 45. Bg3 b5 46. Rb1 b4 47. Ra1 a4 48. Bf2 a3 49. Bc5 Rxf3 50. d7 Bxd7 51. Kxd7 Rf1 52. Ra2 0-1

[Event "FIDE World Rapid Team"]
[Site "Almaty"]
[Date "2024.08.02"]
[Round "1.2"]
[White "Borumbayev, Adil"]
[Black "Bologan, Viktor"]
[Result "0-1"]
[WhiteElo "1848"]
[BlackElo "2598"]
[PlyCount "66"]
[EventDate "2024.08.02"]
[EventType "team (rapid)"]
[EventRounds "12"]
[EventCountry "KAZ"]
[SourceTitle "CBM 221 Extra"]
[Source "ChessBase"]
[SourceDate "2024.09.30"]
[SourceVersion "1"]
[SourceVersionDate "2024.09.30"]
[SourceQuality "1"]
[WhiteTeam "Future GM"]
[BlackTeam "FIDE Management Board"]
[WhiteTeamCountry "KAZ"]

1. d4 d6 2. c4 e5 3. d5 Be7 4. Nc3 a5 5. e4 Bg5 6. Bd3 Bxc1 7. Qxc1 Na6 8. Nge2 Ne7 9. 0-0 Ng6 10. a3 Bd7 11. Ng3 Nc5 12. Bc2 a4 13. Nce2 h5 14. f4 h4 15. Nf5 Qf6 16. Qe3 exf4 17. Nxf4 Nxf4 18. Qxf4 Bxf5 19. e5 dxe5 20. Qe3 Qb6 21. Qxe5+ Ne6+ 22. Kh1 Bxc2 23. dxe6 Qxe6 24. Qb5+ c6 25. Qc5 Be4 26. Rae1 h3 27. Kg1 0-0-0 28. Qa7 Qxc4 29. Qa8+ Kc7 30. Qa5+ Kd7 31. Qe5 Bd5 32. Rc1 Qg4 33. g3 Rhe8 0-1

[Event "FIDE World Rapid Team"]
[Site "Almaty"]
[Date "2024.08.02"]
[Round "4.26"]
[White "Ishmukhametov, Ahmet"]
[Black "Borumbayev, Adil"]
[Result "0-1"]
[WhiteElo "1978"]
[BlackElo "1848"]
[PlyCount "112"]
[EventDate "2024.08.02"]
[EventType "team (rapid)"]
[EventRounds "12"]
[EventCountry "KAZ"]
[SourceTitle "CBM 221 Extra"]
[Source "ChessBase"]
[SourceDate "2024.09.30"]
[SourceVersion "1"]
[SourceVersionDate "2024.09.30"]
[SourceQuality "1"]
[WhiteTeam "Chess Dream"]
[BlackTeam "Future GM"]
[WhiteTeamCountry "KAZ"]
[BlackTeamCountry "KAZ"]

1. Nf3 Nf6 2. g3 g6 3. Bg2 Bg7 4. 0-0 0-0 5. d3 d5 6. Re1 c5 7. c3 Nc6 8. Nbd2 e5 9. e4 dxe4 10. Nxe4 Nxe4 11. dxe4 Qe7 12. Bg5 f6 13. Be3 Be6 14. Qe2 b6 15. b3 Rfd8 16. h3 c4 17. b4 Rd3 18. Rec1 Qd7 19. Kh2 Rd8 20. Ne1 Rd6 21. a4 f5 22. a5 b5 23. f3 f4 24. gxf4 exf4 25. Bxf4 Be5 26. Bxe5 Nxe5 27. Rc2 Qf7 28. Qe3 Nd3 29. Nxd3 Rxd3 30. Qg5 Qc7+ 31. Qg3 Qg7 32. Rac1 h5 33. h4 Kh7 34. Qg5 Qc7+ 35. Qg3 Qe7 36. Qg5 Qc7+ 37. Qg3 Qf7 38. Qg5 R8d7 39. Re1 Qg7 40. f4 Rxc3 41. Rxc3 Qxc3 42. Rf1 Bg4 43. f5 Qe5+ 44. Rf4 gxf5 45. Kg1 Rg7 46. Rxg4 Qd4+ 47. Kh2 Rxg5 48. Rxg5 fxe4 49. Rxh5+ Kg6 50. Rg5+ Kf6 51. Rg4 Qe5+ 52. Kg1 e3 53. Kf1 c3 54. Re4 Qg3 55. Ke2 Qf2+ 56. Kd3 Qd2# 0-1